000 00272nam a22001097a 4500
082 _a355.02 MAN'A
100 _aMANCHESTER, WILLIAM
_927045
245 _aAMERICAN CAESAR DOUGLAS MACARTHUR 1880-1964
260 _aBOSTON
_bLITTLE BROWN
_c1978
300 _a793P
942 _cBK
999 _c581484
_d581484